Sedem desiatok života

Podrobná bibliografia
Hlavný autor: Nováková, Monika (Autor)
Médium: Článok
Jazyk:slovenčina
Fyzický popis:Obr. 1.
Predmet:

MARC

LEADER 00000nab a2200000 a 4500
001 vtls000131647
003 SK-MaSNL
005 20260408074007.0
008 220422c1982 xo 0 slo
015 |a SNBRB19rr/mm-uuuuu 
035 |a CL0141753 
040 |a SNKBUCL  |b slo  |c SNKBUCL  |e AACR2 
041 0 |a slo 
044 |a xo  |c SK 
080 |a 616-006  |2 1981 
080 |a 929 Thurzo, Viliam  |2 1981 
100 1 |a Nováková, Monika  |4 aut  |9 6916 
245 1 0 |a Sedem desiatok života  |c Monika Nováková 
300 |b Obr. 1. 
600 1 7 |a Thurzo, Viliam,  |d 1912-1984  |2 snkbucl  |9 1636314 
655 7 |a články z novín a časopisov  |2 snkbucl  |9 267496 
773 0 |t Nové slovo  |g Roč. 24, č. 45 (1982), s. 3 
850 |a Slovenská národná knižnica v Martine  |a MTA001 
852 |a SNK  |b KIS3GCP 
958 |a BX 
958 |a RK 
958 |a ME 
992 |a RBX 
999 |c 1663387  |d 1665317